00744nam a2200169 a 450000100100000000500170001000800410002704000250006808200090009311001550010224500740025726000730033130000350040404900090043995201090044899900170055700003326920200930070135.0110823s1927 dr ac 000 0 spa d aDO-SdBNPbspacBNPHU axxxx1 aRepública Dominicana.bSecretaría de Estado de Agricultura e Inmgración,bEstación Nacional Agronomica y Colegio de Agricultura de Moca95887810aSegundo informe anual de la Estación Nacional Agronómica de Moca. aSanto Domingo, :bImprenta de J. R. Vda. García, Sucesores,c1927. a153 p. :bil., retr. ;c31 cm. aBNPD 0010718PDaPDbPDcCTd2011-08-23iLF1l0oxxxx p33269-10r2020-06-25w2020-06-25yLFPDZNo se presta c32760d32760